| 000 | 00000nas 2200000za 4500 |
| 001 | 9.501140 |
| 003 | CaOODSP |
| 005 | 20230327114359 |
| 007 | cr ||||||||||| |
| 008 | 150406d20032003xxc|| p o||||f| |0fre|d |
| 040 | |aCaOODSP|bfre |
| 043 | |an-cn--- |
| 086 | 1 |aCW70-11F-PDF |
| 110 | 2 |aService canadien de la faune.|eauteur, |eorganisme de publication. |
| 245 | 10|aFonds interministériel pour le rétablissement - rapport annuel |h[ressource électronique] |
| 260 | |aOttawa - Ontario : |bEnvironnement Canada. |
| 310 | |aAnnuel |
| 362 | 1 |a[2002-2003] |
| 691 | 07|aGestion de la faune|2gcpds |
| 775 | 08|tInterdepartmental Recovery Fund annual report |w(CaOODSP)9.504730 |